| 000 | 00635cab a2200217 4500 | ||
|---|---|---|---|
| 001 | ABS51265 | ||
| 008 | 090401t1994 xxu||||| |||| 00| 0 eng d | ||
| 035 | _a(Sirsi) u18306 | ||
| 041 | _aeng | ||
| 100 | _aCargill Thompson, J. | ||
| 245 | _aI did it i-way | ||
| 260 | _c1994 | ||
| 350 | _a0 | ||
| 490 |
_aBuilding _v259(7858) 2 September 1994, 34-35(2) |
||
| 520 | _aDiscusses the implications of the Internet computer network for the construction industry. | ||
| 650 | _aCONSTRUCTION INDUSTRY | ||
| 650 | _aINTERNET | ||
| 690 | _aMANAGEMENT-BUSINESS MANAGEMENT-INFORMATION MANAGEMENT | ||
| 942 | _n0 | ||
| 948 | _c04/03/1997 | ||
| 999 |
_c12152 _d12152 |
||